| 000 | 01272 a2200289 4500 | ||
|---|---|---|---|
| 003 | OSt | ||
| 005 | 20180116192400.0 | ||
| 008 | 120606t xxu||||| |||| 00| 0 eng d | ||
| 020 | _a9788495951854 | ||
| 022 | _a8495951851 | ||
| 040 | _c0 | ||
| 082 | _a724.7 | ||
| 245 | 1 | 0 |
_aKM3, excursions on capacities / _cMVRDV ; [edits and production, Winy Maas ... [et al.] ; translations from Dutch to English (where needed), Victor Joseph] |
| 246 | 1 | 4 | _aExcursions on capacities, KM3 |
| 260 |
_a[Barcelona, ES] : _bActar, _c2005. |
||
| 300 |
_a1415 p. : _bcol. ill. ; _c22 cm + |e 1 DVD (4 3/4 in.) |
||
| 500 | _a"This book is produced by MVRDV in collaboration with the Berlage Institute and Actar"--p. 3 of cover. | ||
| 500 | _aAccompanied by a DVD with short films of architecture sites and with architecture planning software. | ||
| 610 | 2 | 0 |
_aMVRDV (Firm) |v Catalogs. _94194 |
| 610 | 2 | 0 |
_aMVRDV (Firme) _xCatalogues. _94195 |
| 650 | 1 | 0 |
_aArchitecture, Modern _y21st century _xDesigns and plans. _94196 |
| 650 | 1 | 0 |
_aCity planning _y21st century _xDesigns and plans. _94197 |
| 700 | 1 |
_4Maas, Winy, _a1959- _94198 |
|
| 710 | 2 |
_aBerlage Instituut. _94199 |
|
| 942 |
_aSADA _cREF _kREF 724.7 EXC 2005 _2ddc |
||
| 999 |
_c353269 _d353269 |
||